| 000 | 00577nam a22002057a 4500 | ||
|---|---|---|---|
| 005 | 20251108171906.0 | ||
| 008 | 250721s2001 xx 000 0 ara d | ||
| 082 | 1 | 4 | _a411.4/زري |
| 100 | 1 | _aزريق، معروف | |
| 245 | 1 | 0 | _aموسوعة الخطوط العربية وزخارفها / |
| 250 | _a3. | ||
| 264 | 1 |
_aدمشق : _bدار المعرفة، _c2001. |
|
| 300 | _a239ص | ||
| 650 | 1 | 7 | _aالخط العربي |
| 650 | 1 | 7 | _aالكتابة |
| 650 | 1 | 7 | _aالخط الديواني |
| 650 | 1 | 7 | _aالخط الكوفي |
| 942 |
_2ddc _cBK |
||
| 999 |
_c65307 _d65307 |
||